Medzinárodné štandardy pre kódovanie obrazu 1. Princípy kódovania obrazu

Bibliographic Details
Main Authors: Polec, Jaroslav, 1964- (Author), Pavlovičová, Jarmila, 1963- (Author), Oravec, Miloš, 1967- (Author), Vargic, Radoslav (Author), Karlubíková, Tatiana (Author)
Format: Book
Language:Slovak
PhysicalDescription:194 s. fotogr., grafy, tab. 30 cm
Published: V Bratislave Slovenská technická univerzita 2001
ISBN:8022716294
Subjects:

MARC

LEADER 00000nam a2200000 a 4500
001 vtls001435993
003 SK-MaSNL
005 20260301202841.0
008 251117s2001 xo aap r yy slo
015 |a SNBA2002/11-03668 
020 |a 8022716294 
035 |a SNK000391089 
035 |a urn:nbn:sk:snk-amyh5c 
035 |a urn:nbn:sk:snk-am00cl8d 
035 |a 7C5932AC-CA22-47DB-B9DA-040FD5C5FF44 
040 |a SNK  |b slo  |c SNK  |e AACR2 
041 0 |a slo 
044 |a xo  |c SK 
080 |a 681.3.05(075.8)  |2 1981 
245 0 |a Medzinárodné štandardy pre kódovanie obrazu  |n 1.  |p Princípy kódovania obrazu  |c Jaroslav Polec ... [et al.] 
260 |a V Bratislave  |b Slovenská technická univerzita  |c 2001 
300 |a 194 s.  |b fotogr., grafy, tab.  |c 30 cm 
504 |a Bibliografia s. 187-192. Reg. 
650 0 7 |a obraz  |x kódovanie  |x princípy  |2 SNK  |9 585510 
655 7 |a Textbooks (higher)  |2 SNKPHeng  |9 276436 
655 7 |a učebnice vysokých škôl  |2 SNKPH  |9 70191 
655 7 |a učebnice  |2 SNK  |9 22521 
700 1 |a Polec, Jaroslav,  |d 1964-  |4 aut  |9 215113 
700 1 |a Pavlovičová, Jarmila,  |d 1963-  |4 aut  |9 214330 
700 1 |a Oravec, Miloš,  |d 1967-  |4 aut  |9 214195 
700 1 |a Vargic, Radoslav  |4 aut  |9 41743 
700 1 |a Karlubíková, Tatiana  |4 aut  |9 39656 
752 |d Bratislava 
919 |a 80-227-1629-4 
958 |a TL 
958 |a NB 
958 |a UV 
999 |c 900404  |d 902334 
952 |t P60, <03>, [BOOK], {603}  |a SNK  |b SNK  |y PREZ  |7 0  |p 17A0347883  |o snkSB 65151/1  |i snkKSP 7524/2002  |0 0  |1 0  |4 0  |d 2002-06-13  |f 1  |l 0  |r 2017-06-30 00:00:00  |w 2026-02-24 
952 |t P60, <04>, [BOOK], {604}  |a SNK  |b SNK  |y VYP  |7 0  |p 17A0347884  |o snkSB 65151/1 D1  |i snkKSP 7525/2002  |0 0  |1 0  |4 0  |d 2002-06-13  |l 0  |r 2005-01-02 00:00:00  |w 2026-02-24